Тепловые турбомашины. Т. 2: Регулирование, прочность и динамические проблемы (Запись № 8987388)

Подробности
000 -МАРКЕР
контрольное поле 01403nam2a22002771 4500
001 - ИДЕНТИФИКАТОР ЗАПИСИ
контрольное поле rc\4937340
005 - ИДЕНТИФИКАТОР ВЕРСИИ
контрольное поле 20130426160704.2
035 ## - ДРУГИЕ СИСТЕМНЫЕ НОМЕРА
Идентификатор записи (NLR Aleph) 008948380
100 ## - ДАННЫЕ ОБЩЕЙ ОБРАБОТКИ
Данные общей обработки 20130426d1963 |||y0rusy50 ca
101 1# - ЯЗЫК РЕСУРСА
Язык текста, звукозаписи и т.д. русский
Язык оригинала немецкий
102 ## - СТРАНА ПУБЛИКАЦИИ ИЛИ ПРОИЗВОДСТВА
Страна публикации Российская Федерация
105 ## - ПОЛЕ КОДИРОВАННЫХ ДАННЫХ: ТЕКСТОВЫЕ МАТЕРИАЛЫ, МОНОГРАФИЧЕСКИЕ
Кодированные данные о монографическом текстовом документе a z |||||
200 1# - ЗАГЛАВИЕ И СВЕДЕНИЯ ОБ ОТВЕТСТВЕННОСТИ
Основное заглавие Регулирование, прочность и динамические проблемы
Первые сведения об ответственности Пер. с нем. А.Е. Булкина и В.П. Новодережкина
Последующие сведения об ответственности Под ред. Б.М. Трояновского
210 ## - ПУБЛИКАЦИЯ, РАСПРОСТРАНЕНИЕ И ДР.
Дата издания, распространения и т.д. 1963
215 ## - ФИЗИЧЕСКАЯ ХАРАКТЕРИСТИКА
Специфическое обозначение материала и объем 300 с.
Другие сведения о физической характеристике ил.
320 ## - ПРИМЕЧАНИЯ О НАЛИЧИИ В ДОКУМЕНТЕ БИБЛИОГРАФИИ / УКАЗАТЕЛЯ
Текст примечания Библиогр.: с. 3 (14 назв.), и библиогр. в конце разделов
461 #0 - УРОВЕНЬ НАБОРА
Встроенное поле 001rc\4937338
-- 2001#$aТепловые турбомашины$e(Паровые и газовые турбины, компрессоры)$eТ. 1-2$vТ. 2
-- 700#1$aТраупель$bВ.$gВальтер
Системный номер (АБИС) связанной записи 8987376
Автор Траупель, В.
Место публикации Москва
Дата публикации 1961-1963
Имя издателя, распространителя и т.д. Госэнергоиздат
Сведения, относящиеся к заглавию (Паровые и газовые турбины, компрессоры) : Т. 1-2
Физическая характеристика 2 т.
Заглавие Тепловые турбомашины
Номер тома Т. 2
702 #1 - ИМЯ ЛИЦА - ВТОРИЧНАЯ ОТВЕТСТВЕННОСТЬ
Начальный элемент ввода Новодережкин
Часть имени, кроме начального элемента ввода В. П.
Код отношения Переводчик
702 #1 - ИМЯ ЛИЦА - ВТОРИЧНАЯ ОТВЕТСТВЕННОСТЬ
Начальный элемент ввода Булкин
Часть имени, кроме начального элемента ввода А. Е.
Код отношения Переводчик
702 #1 - ИМЯ ЛИЦА - ВТОРИЧНАЯ ОТВЕТСТВЕННОСТЬ
Начальный элемент ввода Трояновский
Часть имени, кроме начального элемента ввода Б. М.
Код отношения Редактор
801 #0 - ИСТОЧНИК ЗАПИСИ
Страна Российская Федерация
Организация NLR
Правила каталогизации psbo
801 #1 - ИСТОЧНИК ЗАПИСИ
Страна Российская Федерация
Организация ELAR
Источник данных rusmarc
852 ## - МЕСТОНАХОЖДЕНИЕ И ШИФР ХРАНЕНИЯ
Идентификатор организации NLR
Шифр хранения (Call Number) 61-7/1203
942 ## - ДОПОЛНИТЕЛЬНЫЕ ЭЛЕМЕНТЫ ЗАПИСИ (АБИС)
Тип экземпляра АБИС Книга
980 ## - КОЛЛЕКЦИЯ
Название коллекции Национальная библиография
Экземпляры
Тип экземпляра Дата поступления Библиотека постоянного хранения Библиотека текущего хранения Место хранения Шифр хранения Штрих-код Статус экземпляра
Книга 26.10.2013 РНБ (Московский) РНБ (Московский) Русский книжный фонд: издания с 1957 года 61-7/1203 8948380-10